000 00427nam a22001697a 4500
005 20160615142803.0
008 160615b xxu||||| |||| 00| 0 eng d
020 _a81-259-0704-1
041 _aeng
082 _b7779
100 _aRavichandran
_91996
245 _aCompetition in Indian Industries
260 _aNew Delhi
_bVikas Publishing House (P) Ltd.
_c2003
300 _a438
650 _aManagement
_9241
942 _cBK
999 _c2788
_d2787